Missing Word: 'Me' Movie Starters Quiz Stats

 Plays Quiz Updated Aug 15, 2019

Score 0/18 Timer 03:00
0 Plays Today
Hint Word % Correct
Message in a _____Bottle
96.7%
Men in _____Black
95.5%
Meet _____ DoeJohn
89%
Meet Me in St. _____Louis
88.9%
Meet _____ BlackJoe
88.4%
Me, Myself & _____Irene
88.3%
Memoirs of a _____Geisha
84.9%
Me Before _____You
83.8%
Medicine _____Man
80.4%
Hint Word % Correct
Me and _____ WellesOrson
75.5%
Mercury _____Rising
72%
Memphis _____Belle
56.9%
Menace II _____Society
53.7%
Men of _____Honor
36.1%
Memoirs of an _____ ManInvisible
30.4%
Me and You and _____ We KnowEveryone
24.7%
Me and Earl and the _____ GirlDying
23.2%
Melody _____Time
20.8%

Today's Daily Dose

You're not logged in!

Compare scores with friends on all Sporcle quizzes.
OR
Log In

Sporcle TV

Today on Sporcle TV


Watch our educational content, quiz creation guides, and fun videos on Sporcle TV.

Show Comments

Extras

Top Quizzes Today


Score Distribution

Your Account Isn't Verified!

In order to create a playlist on Sporcle, you need to verify the email address you used during registration. Go to your Sporcle Settings to finish the process.

Report this User

Report this user for behavior that violates our Community Guidelines.

Details: